000 00776nam a2200229 u 4500
005 20231013063627.0
008 190604s2002 mx r 000 0 spa d
020 _a9701877098
035 _aUPN01000230968
049 _aLTG
050 4 _aLB1583
_bM6.5 2002 LM
245 0 0 _aLibro para el maestro :
_bgeografía : quinto grado /
_ccoord. Elisa Bonilla Rius.
250 _a3a ed.
260 _aMéxico :
_bSEP, Comisión Nacional de Libros de Texto Gratuitos,
_c2002.
300 _a71 p. :
_bil.
500 _a"Ciclo escolar 2004-2005"
650 4 _aGeografía
_xEstudio y enseñanza (Elemental)
_92801
650 2 _aEducación primaria
_zMéxico
_vLibros de texto
_913744
700 1 _aBonilla Rius, Elisa,
_d1956-
_ecoord.
_932629
905 _aLibro
999 _c203063
_d203063